| 000 | 00862nam a2200253 i 4500 | ||
|---|---|---|---|
| 001 | 000029376 | ||
| 003 | DO-SdBNP | ||
| 005 | 20240131135519.0 | ||
| 007 | ta | ||
| 008 | 110415s1981 dr 000 0 spa d | ||
| 040 |
_aDO-SdBNP _bspa _cBNPHU _erda |
||
| 082 |
_bP273 _222 |
||
| 110 |
_aRepública Dominicana. _bOficina Nacional de Planificación _99293 |
||
| 245 | 1 | 0 |
_aParticipación de la mano de obra haitiana en el mercado laboral : _blos casos de la caña y el café / |
| 264 | 1 |
_aSanto Domingo : _bSecretariado Técnico de la Presidencia, _bOficina Nacional de Planificación, _c1981. |
|
| 300 |
_a44 páginas _c23 cm. |
||
| 336 |
_2rdacontent _atexto _btxt |
||
| 337 |
_2rdamedia _asin mediación _bn |
||
| 338 |
_2rdacarrier _avolumen _bnc |
||
| 490 | 1 |
_aPlandes _vno. 56 |
|
| 590 | _aInventariado, 2024/ YL | ||
| 910 | _aYLockward | ||
| 942 |
_2ddc _cLF2 |
||
| 999 |
_c28868 _d28868 |
||